000 00678nam a2200217Ia 4500
008 140110s9999 xx 000 0 und d
020 _a9780140449778
_cRs.250.00
040 _aLoreto College
041 _aEnglish
082 _a843/DUM
_bLCLIB/50250
100 _aDumas,Alexandre
245 4 _aThe women's war
_cAlexandre Dumas,translated with an introduction and notes by Robin Buss
260 _aLondon
_bPenguin Books
_c2006
300 _axxviii,546p
_c22cm
504 _aIncludes notes
650 _aFiction,French-Translated into English
651 _aFrench fiction-Translated into English
700 _aBuss,Robin,tr.
850 _aLCLIB/843/DUM
942 _cBK
999 _c38844
_d89323